00482nam a22001571a 45000010005000000030004000050050017000090080041000260500023000671000019000902450068001092640051001773000010002285000027002386500059002656075OSt20260204212039.0060304s1990||||dr ||||||b||||||||||spa|| aRD 972.93053 V522t aVega, Bernardo aTrujillo y el control financiero norteamericano / Bernardo Vega aSanto Domingo : Fundación Cultura Dominicana a654 p aIncluye bibliografía aRepública Dominicana - Historia - Era de TrujilloÌ